|
|
|
|
| LEADER |
01033pam a22003018a 4500 |
| 001 |
00028246 |
| 005 |
20171026081023.0 |
| 008 |
120308s2011 ||||||Viesd |
| 041 |
0 |
# |
|a Vie
|
| 082 |
1 |
4 |
|a 500
|b D126R
|
| 100 |
1 |
# |
|a Trần, Sĩ Huệ
|
| 245 |
1 |
0 |
|a Dây rừng và chim thú ở cao nguyên Vân Hòa tỉnh Phú Yên
|c Trần Sĩ Huệ
|
| 260 |
# |
# |
|a Hà Nội
|b Văn hóa Dân tộc
|c 2011
|
| 300 |
# |
# |
|a 335 tr.
|c 21 cm.
|
| 500 |
# |
# |
|a Dự án công bố, phổ biến tài sản văn hóa, văn nghệ dân gian Việt Nam
|
| 541 |
# |
# |
|a Tặng
|
| 650 |
# |
4 |
|v Vân Hòa (Phú Yên)
|z Chim thú
|
| 650 |
# |
4 |
|x Dây rừng
|a Vân Hòa (Phú Yên)
|
| 710 |
2 |
# |
|a Hội Văn nghệ dân gian Việt Nam
|
| 852 |
# |
# |
|j KD.0012583
|
| 852 |
# |
# |
|j KD.0012583
|b Kho đọc
|
| 910 |
# |
# |
|a Ntuyet
|d 08/03/2012
|
| 980 |
# |
# |
|a Trung tâm Học liệu Lê Vũ Hùng, Trường Đại học Đồng Tháp
|